000 00811nam a2200181Ia 4500
008 100917s9999 xx 000 0 und d
082 _b64691
100 _aमिराशी वा. वि.
245 _aसातवाहन आणि पश्चिमी क्षत्रम यांचा इतिहास
260 _bसाहित्य आणि संस्कृती मंडळ प्रकाशन
_c1979
300 _a204
365 _b55
520 _aइतिहास
630 _aसातवाहन आणि पश्चिमी क्षत्रम यांचा इतिहास
650 _aइतिहास
730 _aसातवाहन आणि पश्चिमी क्षत्रम यांचा इतिहास
942 _cBOOK
999 _c670085
_d670082